Welcome to the Holygrace Academy Library

Please use search bar below to get started

PONNIYIL SELVAN (Record no. 7177)

MARC details
000 -LEADER
fixed length control field 00305nam a22001337a 4500
020 ## - INTERNATIONAL STANDARD BOOK NUMBER
ISBN 978-93-5482-479-1
082 ## - DEWEY DECIMAL CLASSIFICATION NUMBER
Classification number 894.812.3
Item number KRI/P
100 ## - MAIN ENTRY--AUTHOR NAME
Personal name KRISHNAMOORTHI, KALKKI
245 ## - TITLE STATEMENT
Title PONNIYIL SELVAN
260 ## - PUBLICATION, DISTRIBUTION, ETC. (IMPRINT)
Place of publication KOTTAYAM
Name of publisher DC BOOKS
300 ## - PHYSICAL DESCRIPTION
Number of Pages 582
650 ## - SUBJECT ADDED ENTRY--TOPICAL TERM
Topical Term MALAYALAM NOVEL
Geographic subdivision KERALA
942 ## - ADDED ENTRY ELEMENTS (KOHA)
Koha item type Books
Holdings
Withdrawn status Lost status Collection code Home library Current library Shelving location Date acquired Source of acquisition Cost, normal purchase price Full call number Accession Number Koha item type
    Fiction Main Library Main Library NEW SHELF WITH NEW ENTRY 26/10/2023 PURCHASE 599.50 894.812.3 KRI/P 13151 Books